000 01609nam0a2200325 4500
001 RU\NLR\bibl\1527724
005 20250616032928.0
010 _a978-5-7422-2546-1
_9100
021 _aRU
_b2010-38965
_92608
035 _a(NLR Aleph) 001519066
090 _a128768
_c128768
100 _a20100625d2010 |||y0rusy50 ca
101 0 _arus
102 _aRU
105 _aa |||||||||
200 1 _aУправление человеческими ресурсами предприятия в условиях интернационализации
_e(интернационализация человеческих ресурсов)
_fЕ.Р. Счисляева, И.В. Гарбузюк, А.В. Арфае
_gФедер. агентство по образованию, С.-Петерб. гос. политехн. ун-т
210 _aСанкт-Петербург
_cИзд-во Политехнического университета
_d2010
215 _a183, [2] с.
_cил.
_d20
300 _aНа обл. авт.: А.В. Арфае, И.В. Гарбузюк, Е.Р. Счисляева
320 _aБиблиогр.: с. 167-179 (159 назв.)
606 1 _aПредприятия
_xКадры
_xУправление
_92160941
_3RU\NLR\auth\661300497
686 _aУ24(2)0-21
700 1 _aСчисляева
_bЕ. Р.
_gЕлена Ростиславовна
_4070
701 1 _aГарбузюк
_bИ. В.
_4070
701 1 _aАрфае
_bА. В.
_gАнна Владимировна
_4070
801 0 _aRU
_bNLR
_c20100625
_gRCR
801 1 _aRU
_bNLR
_c20100625
942 _cBOOK
980 _aNB